| 000 | 00580nam a22002057a 4500 | ||
|---|---|---|---|
| 005 | 20241009134600.0 | ||
| 008 | 241007b |||||||| |||| 00| 0 eng d | ||
| 020 | _a978-81-317-0066-2 | ||
| 082 |
_a526.921 _bBAN-S |
||
| 100 | _aBannister, Arthur | ||
| 245 |
_aSurveying : _cArthur, Bannister, Stanley Raymond and Raymond Baker |
||
| 250 | _a7th ed. | ||
| 260 |
_aIndia : _bPearsons ; _c2006. |
||
| 300 |
_a512 p. : _bill. ; _c25 cm. |
||
| 500 | _aInclude Index. | ||
| 650 | _aCivil / Engineering | ||
| 700 | _aRaymond, Stanley | ||
| 700 | _aRaymond, Baker | ||
| 999 |
_c36653 _d36653 |
||